| 000 | 01001nam a22002657a 4500 | ||
|---|---|---|---|
| 999 |
_c1704 _d1704 |
||
| 003 | CoMeUDC | ||
| 005 | 20230515181048.0 | ||
| 008 | 230515b ||||| |||| 00| 0 eng d | ||
| 020 | _a9789587497878 (vol. 1) | ||
| 020 | _a9789587497885 (vol. 2) | ||
| 040 |
_cCO-UdeC _dCO-UdeC _eAARC _eISBD |
||
| 082 |
_a847.86 _bH565 |
||
| 100 |
_92358 _aHerrera Mercado, Hernando _qDirector académico |
||
| 245 |
_aEl árbitro y su función arbitral : _bTomo 1 / _cHernando Herrera Mercado, Fabricio Mantilla Espinosa. |
||
| 260 |
_aBogotá : _bGrupo Editorial Ibañez, _c2017. |
||
| 300 |
_a564 p. [vol. 1] _a313 p. [vol. 2] ; _c24 cm. |
||
| 490 | _aArbitraje 360° | ||
| 504 | _aNaturaleza de la función arbitral [vol. 1] -- Régimen obligacional [vol. 2] | ||
| 546 | _aEspañol. | ||
| 650 | 0 |
_92360 _aArbitramento _zColombia |
|
| 650 | 0 |
_92362 _aLaudo arbitral _zColombia |
|
| 650 | 0 |
_92361 _aÁrbitros _zColombia |
|
| 700 |
_92359 _aMantilla Espinosa, Fabricio _qDirector académico |
||
| 942 |
_2ddc _cBK |
||